000
00278nam a2200121Ia 4500
008
190216s9999||||xx |||||||||||||| ||und||
100
_a
Null
245
2
_a
A K G Malayalakavithayil
260
_b
Sangam Books
_c
1984
300
_a
39p
650
_a
Malayalam Kavitha
942
_c
BK
999
_c
25639
_d
25639